Sword Art Online Characters (Ep. 15 - 25) - Statistics

General Stats
  • This quiz has been taken 403 times
    401 since last reset
  • The average score is 8 of 15
Answer Stats
Hint Answer % Correct
Main Character Kirito
99%
Navigation Pixie Yui
87%
#1's "Damsel in Distress" Asuna
83%
Above's Real Name Kirigaya Kazuto
83%
Above's Character Name Leafa
81%
Above's Little Sister Kirigaya Suguha
69%
Bartender Egil
56%
Above's Character Name; King of ALO Fairy King Oberon
47%
Nerdy Little Sylph Recon
41%
Considered the Strongest Player in ALO... until "that" happens Eugene
34%
Mega Uber Pervert Sugou Nobuyuki
33%
Sylph Leader Sakuya
29%
Assists #1 in the final battle; Creator of SAO (The game, not the anime) Kayaba Akihiko
26%
Cait Sith Leader Alicia
24%
Former Sylph; Leader of #4 and #7's Hunting Party Sigurd
15%
No matching quizzes found
Score Distribution
Percent of People with Each Score
Percentile by Number Answered
Your Score History
You have not taken this quiz since the last reset